Регионална библиотека "Любен Каравелов" - Русе

Сочинения (Запис номер 427546)

MARC детайли
000 -Лидер
Контролно поле с фиксирана дължина nam a22 a 4500
003 - Код на организацията, давaща контролен номер
Контролно поле BLK
005 - Дата и час на последна редакция
Контролно поле 20210809163812.0
008 - Елементи от данни с фиксирана дължина
fixed length control field 210809b bul|||||r ||||||| ||bul||
040 ## - Източник на каталожния запис
Идентификатор на билиотеката - собственик на записа BLK
041 ## - Код за език
Код за езика на текст/звукозапис или на отделно заглавие Руски
Код за езика КДБФ Руски
080 ## - УДК
Текстов определител УДК Индийска литература
УДК код - определител по УДК 821.21
УДК определител (081)
УДК - код + определител 821.21(081)
080 ## - УДК
Текстов определител УДК Индийска литература
УДК код - определител по УДК 821.21
УДК определител -6
УДК - код + определител 821.21-6
080 ## - УДК
Текстов определител УДК Индийска литература
УДК код - определител по УДК 821.21
УДК определител -94
УДК - код + определител 821.21-94
100 1# - Редна дума - Автор
Автор Тагор, Рабиндранат
Авторска отговорност първи автор
R(LIN) 127301
139 ## - Редно поле
Редна дума Тагор, Рабиндранат
245 10 - Сведения за заглавието
Заглавие Сочинения
Подзаглавни данни В 8 т.
Редно поле (дума) Рабиндранат Тагор ; пер. с бенгал.
Том Т. 8
Заглавие на том Воспоминания ; Писма о России ; Статьи
257 ## - Страна на издаване
Страна на създаване/издаване Индия
260 ## - Област на издателските данни
Място на издаване, разпространение и проч. Москва
Име на издателя, разпространителя и проч. Гослитиздат
Година на издаване 1955-1957
9 (RLIN) 438196
300 ## - Физическа характеристика
Размери/Мащаб 21 см
380 ## - Жанр
Жанр Худож. лит.
760 ## - Описание на основната серия
Редна дума на основното описание Тагор, Рабиндранат
Място на издаване, издател и година Москва, 1957
Страници - том 442 с.
Част - том Т. 8
Заглавие Воспоминания ; Писма о России ; Статьи
852 ## - Местоположение
Форматна сигнатура Цб 8.205.45223
Фондова буква Хранилище
999 ## - СИСТЕМНИ КОНТРОЛНИ НОМЕРА
Koha biblionumber 427546
Koha biblioitemnumber 427546
942 ## - АРТИКУЛИ
Вид на библиотечния материал Книги
Скрит в OPAC Не
Периодичен библиозапис Да
944 ## - СЪЗДАВАНЕ И РЕДАКЦИЯ на ЗАПИСА
Създаване/Редакция Създаване
Дата на регистрацията/редакция 2021-08-09
Служител, извършил регистрацията/редакцията ГГГ
Наличности
Код за отписване Код за изгубен артикул Източник на класификационната схема Код за повреда Коз за рестрикции Код за отдаване Артикулен № Име на библиотеката - собственик Име на библиотеката, в която се намира в момента Статус (Текущо местоположение) Дата на вписване в системата Местоположение - отдел Цена в лева Инвентарен номер Систематично азбучна сигнатура Баркод Цена в евро Служебен тип на артикула
  Не е изгубен Universal Decimal Classification Не е повреден само за читалня ползва се в читалня 847845 Регионална библиотека "Любен Каравелов" Русе Регионална библиотека "Любен Каравелов" Русе Хранилище 2021-08-10 Основен фонд - ползва се само за читалня 0.64 694/58 Цб 8.205.45223 900000073002 0.33 Книги
Vip Innovations Ltd, Rousse, Bulgaria 2025